| 000 | 00526nam a2200145 a 4500 | ||
|---|---|---|---|
| 008 | 120416s0000 ||||||||||||||||| || u | ||
| 020 | _a0070991537 | ||
| 050 | _aT 385 Pla | ||
| 100 | _aPlastock, Roy A | ||
| 245 | 1 | 0 | _aSchaum's outline of theory and problems of computer graphics |
| 260 |
_aNew York _bMcGraw-Hill _c1986 |
||
| 300 | _a[x], 340p. : ill. | ||
| 350 | _a0.00 | ||
| 995 |
_D0.00 _FCBU-MAIN LIBRARY (Kitwe) _H1 _I11.00 _UAVAILABLE _ZAnnex Low-Usage Collection |
||
| 999 |
_c57019 _d57019 |
||